|
|
|
|
| LEADER |
01175pam a22002658a 4500 |
| 001 |
00024814 |
| 005 |
20171026081022.0 |
| 008 |
110724s1991 ||||||Viesd |
| 041 |
0 |
# |
|a Vie
|
| 082 |
1 |
4 |
|a 335.417 6
|b H561D
|
| 110 |
1 |
# |
|a Vụ chính trị
|b Bộ GD và ĐT
|
| 245 |
0 |
0 |
|a Hướng dẫn ôn tập môn kinh tế chính trị Mác_Lênin
|b Câu hỏi và trả lời,Dùng cho sinh viên các trường đại học, cao đẳng(khối kỹ thuật không chuyên kinh tế) và trung học chuyên nghiệp khối chuyên kinh tế
|
| 260 |
# |
# |
|b tư tưởng-văn hóa
|c 1991
|a H.
|
| 300 |
# |
# |
|a 238tr.
|c 19cm.
|
| 650 |
# |
4 |
|a Kinh té chính trị
|
| 653 |
# |
# |
|a Kinh tế
|a chính trị
|a Mác_Lênin
|a Hướng dẫn
|a Ôn tập
|
| 852 |
# |
# |
|b Kho giáo trình
|j KGT.0018148, KGT.0018149, KGT.0018150, KGT.0018151, KGT.0018152
|
| 852 |
# |
# |
|b Kho mượn
|j KGT.0018148
|
| 852 |
# |
# |
|j KGT.0018148
|j KGT.0018151
|j KGT.0018149
|j KGT.0018150
|
| 910 |
|
|
|d 24/07/2011
|
| 980 |
# |
# |
|a Trung tâm Học liệu Lê Vũ Hùng, Trường Đại học Đồng Tháp
|